00770nam a2200229 i 4500001000300000003000400003005001700007008003900024015001700063040001400080080001200094080001200106100002800118245011400146250001200260260006100272300003900333504002200372521008300394650003300477655003000510bgBPK20200402144831.0971010s1987 pl a f f |000 0 pol aPB 1989/1257 aWA NcBPK a621.313 a(075.8)1 aBajorek, ZygmunteAutor10aTeoria maszyn elektrycznych.nCz. 1 /cZygmunt Bajorek ; Politechnika Rzeszowska im. Ignacego Łukasiewicza.  aWyd. 4. aRzeszów :bRedakcja Wydawnictw Uczelnianych PR,c1987. a357 :brys., wykr., err. ;c24 cm. aBibliogr. s. 357. aDla studentów Wydz. Elektrycznego do przedmiotu teoria maszyn elektrycznych. 4aMaszyny elektrycznexteoria. 4aPodręczniki akademickie